Loading...
Fine Arts - Visual Fine Arts | 0 | 5 | 1 | 0 | 45 | 103 | 120.40 | 1 | 5 |
Literature - American Literature | 0 | 4 | 0 | 1 | 40 | 109 | 122.25 | 0 | 4 |
British and Commonwealth History | 0 | 4 | 0 | 2 | 40 | 73 | 115.75 | 1 | 3 |
Other Arts: Visual | 0 | 3 | 0 | 0 | 30 | 75 | 104.67 | 1 | 3 |
Literature - European Literature | 0 | 3 | 0 | 1 | 30 | 139 | 145.33 | 0 | 1 |
History - American History | 0 | 3 | 1 | 0 | 25 | 103 | 124.67 | 1 | 2 |
Beliefs | 0 | 3 | 1 | 2 | 25 | 139 | 145.33 | 0 | 3 |
World and Other Literature | 0 | 2 | 0 | 0 | 20 | 106 | 126.00 | 0 | 2 |
History - World History | 0 | 2 | 0 | 0 | 20 | 96 | 110.00 | 1 | 2 |
Literature - British Literature | 0 | 2 | 0 | 0 | 20 | 100 | 120.50 | 1 | 2 |
Science - Biology | 0 | 2 | 0 | 1 | 20 | 133 | 137.00 | 1 | 2 |
History - European History | 0 | 2 | 1 | 0 | 15 | 80 | 87.00 | 1 | 2 |
Ancient History and Archaeology | 0 | 2 | 1 | 0 | 15 | 112 | 117.00 | 1 | 2 |
Social Science | 0 | 1 | 0 | 0 | 10 | 122 | 122.00 | 0 | 0 |
Current Events | 0 | 1 | 0 | 0 | 10 | 118 | 118.00 | 0 | 1 |
Geography | 0 | 1 | 0 | 0 | 10 | 134 | 134.00 | 0 | 1 |
Philosophy | 0 | 0 | 0 | 0 | 0 | 0.00 | 0 | 0 | |
Other Academic | 0 | 0 | 1 | 0 | -5 | 0.00 | 0 | 0 |